Arithmetica Historica Die Löbliche Rechenkunst. Durch alle Species vnd fürnembste Regeln/ mit schönen gedenckwirdigen Historien vnd Exempeln/ Auch mit Hebraischer/ Grichischer/ vnd Römischer Müntze/ Gewicht vnd Maß/ deren in Heiliger Schrifft vnd gutten Geschichts=Büchern gedacht wird/ Der lieben Jugend zu gutte erkleret. Auch denen die nicht rechnen können/ wegen vieler schönen Historien vnd derselbigen bedeutungen lustig vnd lieblich zu lesen. Aus viel gutten Büchern vnd Schrifften mit fleis zusammen getragen

Bibliographic Details
Main Author: Schwabe, Sigismund, 1526-1596 (Author)
Corporate Author: Baumann, Jerzy; imp. Wolcke, Andreas (Wrocław, Poľsko) (Printer)
Other Authors: Schwabe, Sigismund (Dedicator, ahnr), Špán, Vavřinec 1531-1575 (Dedicator), Steinberg, Nikolaus (Dedicator), Baumann, Jerzy (Printer)
Format: Book
Language:German
PhysicalDescription:[16], 455, [52] s. 20 cm
Published: Gedruckt zu Bresslaw/ durch Georgium Bawman/. I. In Mitvorlegung Andreae Wolcken Jm Jhare M. D. XCiij. [1593]

MARC

LEADER 00000cam a2200000 a 4500
001 vtls001514963
003 SK-MaSNL
005 20260301122440.0
008 240314s1593 pl a 0 ger
015 |a SNBHFA1593 
035 |a CC8D83F4-2101-47F6-B2B9-3DF762DB145E 
035 |a urn:nbn:sk:snk-amybsq 
035 |a urn:nbn:sk:snk-am00cagt 
040 |a SNK  |b slo  |c SNK  |e AACR2 
041 |a ger 
044 |a pl  |c PL 
100 1 |a Schwabe, Sigismund,  |d 1526-1596  |4 aut  |9 130551 
245 1 0 |a Arithmetica Historica  |b Die Löbliche Rechenkunst. Durch alle Species vnd fürnembste Regeln/ mit schönen gedenckwirdigen Historien vnd Exempeln/ Auch mit Hebraischer/ Grichischer/ vnd Römischer Müntze/ Gewicht vnd Maß/ deren in Heiliger Schrifft vnd gutten Geschichts=Büchern gedacht wird/ Der lieben Jugend zu gutte erkleret. Auch denen die nicht rechnen können/ wegen vieler schönen Historien vnd derselbigen bedeutungen lustig vnd lieblich zu lesen. Aus viel gutten Büchern vnd Schrifften mit fleis zusammen getragen  |c Durch Sigismundum Sueuum Freystadiensem, Diener des H. Göttlichen Worts der Kirchen Christi zu Bresslaw/ Probst zum H. Geiste/ vnd Pfarrherr zu S. Bernardin in der Newstadt. Gott hat alles geordnet mit Maß/ Zal vnd Gewichte. Sapient. II 
260 |a Gedruckt zu Bresslaw/  |b durch Georgium Bawman/. I. In Mitvorlegung Andreae Wolcken  |c Jm Jhare M. D. XCiij. [1593] 
300 |a [16], 455, [52] s.  |c 20 cm 
500 |a Vinety, vlysy, iniciálky s ornamentálnym pozadím vo voľnom priestore na 3 - 5 r., titulný list s červeno-čiernou tlačou, kustódy 
508 |a Ded.: Schwabe, Sigismund; Špán, Vavřinec; príl. b.: Schwabe, Sigismund; Steinberg, Nikolaus 
510 4 |a VD 16 S/4523 
550 |a Údaje do impresa doplnené aj z kolofónu. Na titulnom liste je uvedené: Gedruckt zu Bresslaw/ durch Georgium Bawman/. Jm Jhare M. D. XCiij 
561 |a Z knižnice Antona Augustína Baníka.  |5 SNK ID 99519 
563 |a Bez väzby.  |5 SNK ID 99519 
700 1 |a Schwabe, Sigismund  |4 ahnr  |4 dto  |9 468014 
700 1 |a Špán, Vavřinec  |d 1531-1575  |4 dto  |9 130845 
700 1 |a Steinberg, Nikolaus  |4 dto  |9 305250 
700 1 |a Baumann, Jerzy  |4 prt  |9 468015 
700 1 |a Wolcke, Andreas  |4 pbl  |9 468016 
710 0 |a Baumann, Jerzy; imp. Wolcke, Andreas (Wrocław, Poľsko)  |4 prt  |9 468017 
752 |a Poľsko  |d Wrocław 
852 |a snk  |b Baníkova knižnica  |p ID 99519 
958 |a ONDV 
999 |c 732949  |d 734879 
952 |t Bk 119  |a SNK  |b SNK  |c SNK_HF  |y PREZ  |7 0  |p 17A1129723  |o snkID 99519  |i snk2016/28689  |8 5  |0 0  |1 0  |4 0  |d 2005-04-05  |f 1  |l 0  |r 2005-04-05 00:00:00  |w 2026-02-23